Unreserved sale (Record no. 116647)
[ view plain ]
| 000 -LEADER | |
|---|---|
| fixed length control field | 00929cam a22002055a 4500 |
| 001 - CONTROL NUMBER | |
| control field | L141182 |
| 008 - FIXED-LENGTH DATA ELEMENTS--GENERAL INFORMATION | |
| fixed length control field | a71102s1850 xxk eng u |
| 035 ## - SYSTEM CONTROL NUMBER | |
| System control number | (Sirsi) u141182 |
| 041 0# - LANGUAGE CODE | |
| Language code of text/sound track or separate title | eng |
| 110 2# - MAIN ENTRY--CORPORATE NAME | |
| Corporate name or jurisdiction name as entry element | Beadel, Son and Chancellor |
| 9 (RLIN) | 5439 |
| 245 00 - TITLE STATEMENT | |
| Title | Unreserved sale |
| Remainder of title | particulars and conditions of sale of very valuable and highly desirable freehold property situate on the New London Road at Chelmsford in the county of Essex, for peremptory sale by auction by Messrs. Beadel, Son and Chancellor at the Black Boy Hotel, Chelmsford on Tuesday the 29th Oct. 1850... |
| 260 ## - PUBLICATION, DISTRIBUTION, ETC. | |
| Place of publication, distribution, etc. | S.l. |
| Name of publisher, distributor, etc. | s.n. |
| Date of publication, distribution, etc. | [1850] |
| 300 ## - PHYSICAL DESCRIPTION | |
| Extent | 2 leaves |
| Dimensions | 33 x 21 cm. |
| 340 ## - PHYSICAL MEDIUM | |
| Material base and configuration | Printed |
| 351 ## - ORGANIZATION AND ARRANGEMENT OF MATERIALS | |
| Hierarchical level | Single item |
| 500 ## - GENERAL NOTE | |
| General note | Item has been annotated in ink and pencil with the name of the purchaser and other details. |
| 651 4# - SUBJECT ADDED ENTRY--GEOGRAPHIC NAME | |
| Geographic name | Essex |
| 690 ## - LOCAL SUBJECT ADDED ENTRY--TOPICAL TERM (OCLC, RLIN) | |
| Topical term or geographic name as entry element | PROPERTY-PROPERTY ACQUISITION AND DISPOSAL-ACQUISITION AND DISPOSAL AT AUCTION |
| 942 ## - ADDED ENTRY ELEMENTS (KOHA) | |
| Suppress in OPAC | 0 |
| Withdrawn status | Lost status | Source of classification or shelving scheme | Damaged status | Not for loan | Home library | Current library | Shelving location | Date acquired | Total Checkouts | Full call number | Barcode | Date last seen | Copy number | Price effective from | Koha item type |
|---|---|---|---|---|---|---|---|---|---|---|---|---|---|---|---|
| Dewey Decimal Classification | London | London | Basement | 02/11/2007 | BASEMENT BOX 5 | 141182-1001 | 06/08/2019 | 1 | 06/08/2019 | Archive |